Online katalóg knižníc regiónu Turca

Queenie (Record no. 21862)

MARC details
000 -LEADER
fixed length control field 01652cam a2200469 a 4500
001 - CONTROL NUMBER
control field 21862
003 - CONTROL NUMBER IDENTIFIER
control field VRT
005 - DATE AND TIME OF LATEST TRANSACTION
control field 20260312141445.0
008 - FIXED-LENGTH DATA ELEMENTS--GENERAL INFORMATION
fixed length control field 240606s1994 xo gr 0000f slo
015 ## - NATIONAL BIBLIOGRAPHY NUMBER
National bibliography number SNBA1994/06
020 ## - INTERNATIONAL STANDARD BOOK NUMBER
International Standard Book Number 8070942231
Qualifying information (viazané)
035 ## - SYSTEM CONTROL NUMBER
System control number SNK000018454
039 #9 - LEVEL OF BIBLIOGRAPHIC CONTROL AND CODING DETAIL [OBSOLETE]
Level of rules in bibliographic description 202407011119
Level of effort used to assign nonsubject heading access points csnkv15
Level of effort used to assign subject headings 202406120730
Level of effort used to assign classification msnk160
Level of effort used to assign subject headings 202406111556
Level of effort used to assign classification msnk160
Level of effort used to assign subject headings 202406111515
Level of effort used to assign classification msnk160
040 ## - CATALOGING SOURCE
Original cataloging agency SNK
Language of cataloging slo
Transcribing agency SNK
Description conventions AACR2
041 1# - LANGUAGE CODE
Language code of text/sound track or separate title slo
Language code of original eng
044 ## - COUNTRY OF PUBLISHING/PRODUCING ENTITY CODE
MARC country code xo
ISO country code SK
072 #7 - SUBJECT CATEGORY CODE
Subject category code 821.111(73)-3
Subject category code subdivision Americká próza
Source konspekt
072 #7 - SUBJECT CATEGORY CODE
Subject category code 821-31/-34
Subject category code subdivision Ľúbostná, dobrodružná, fantastická próza
080 ## - UNIVERSAL DECIMAL CLASSIFICATION NUMBER
Universal Decimal Classification number 821.111(73)-31
Edition identifier 2011
080 ## - UNIVERSAL DECIMAL CLASSIFICATION NUMBER
Universal Decimal Classification number (0:82-312.5)
Edition identifier 2011
080 ## - UNIVERSAL DECIMAL CLASSIFICATION NUMBER
Universal Decimal Classification number 82-31
Edition identifier 2011
100 1# - MAIN ENTRY--PERSONAL NAME
Personal name Korda, Michael,
Dates associated with a name 1933-
Relationship aut
240 10 - UNIFORM TITLE
Uniform title Queenie
Language of a work Slovensky
245 10 - TITLE STATEMENT
Title Queenie
Number of part/section of a work 2
Name of part/section of a work Dawn princezná
Statement of responsibility, etc. Michael Korda ; [z anglického originálu Queenie ... preložili Vilma Šurinová, Hviezdoslav Herman]
246 30 - VARYING FORM OF TITLE
Title proper/short title Dawn princezná
250 ## - EDITION STATEMENT
Edition statement 1. vyd.
260 ## - PUBLICATION, DISTRIBUTION, ETC.
Place of publication, distribution, etc. Bratislava
Name of publisher, distributor, etc. Práca
Date of publication, distribution, etc. 1994
300 ## - PHYSICAL DESCRIPTION
Extent 267 strán
Dimensions 21 cm
490 1# - SERIES STATEMENT
Series statement Triumf
Volume/sequential designation zv. 5/94
655 #7 - INDEX TERM--GENRE/FORM
Genre/form data or focus term americké romány
Source of term SNKPH
655 #7 - INDEX TERM--GENRE/FORM
Genre/form data or focus term ľúbostné romány
Source of term SNKPH
655 #7 - INDEX TERM--GENRE/FORM
Genre/form data or focus term dievčenské romány
Source of term SNKPH
700 1# - ADDED ENTRY--PERSONAL NAME
Personal name Šurinová, Vilma
Titles and other words associated with a name (prekladateľka)
Relationship trl
700 1# - ADDED ENTRY--PERSONAL NAME
Personal name Herman, Hviezdoslav,
Dates associated with a name 1951-
Relationship trl
830 #0 - SERIES ADDED ENTRY--UNIFORM TITLE
Uniform title Triumf
942 ## - ADDED ENTRY ELEMENTS (KOHA)
Source of classification or shelving scheme Dewey Decimal Classification
Koha item type Krásna literatúra pre dospelých
Suppress in OPAC No
949 ## - LOCAL PROCESSING INFORMATION (OCLC)
6 17A0053350
a snkSC 86108/2 D1
949 ## - LOCAL PROCESSING INFORMATION (OCLC)
6 270001000037630
a svkbbA 86460-2
b svkbbm 586154
p 586.154
949 ## - LOCAL PROCESSING INFORMATION (OCLC)
6 273K0197632
a svkpoA 163159/II
b svkpo403034
o PV 3553/94
Holdings
Stav vyradenia Strata Poškodenie Spôsob nadobudnutia Domovská knižnica Aktuálna knižnica Dátum nadobudnutia Total checkouts Čiarový kód exemplára Date last seen Typ exemplára Verejná poznámka
      Dar Obecná knižnica Horná Štubňa Obecná knižnica Horná Štubňa 12.03.2026   4736201835 12.03.2026 Krásna literatúra pre dospelých Dawn princezná 2
Projekt je podporený Slovenskou asociáciou knižníc
Prevádzkuje Turčianska knižnica Martin 2026